Normal view
MARC view
Entry Término temático
001 - NÚMERO DE CONTROL
- campo de control: 20027
003 - IDENTIFICADOR DEL NÚMERO DE CONTROL
- campo de control: OSt
005 - FECHA Y HORA DE LA ÚLTIMA TRANSACCIÓN
- campo de control: 20200615032710.0
008 - DATOS DE LONGITUD FIJA
- campo de control de longitud fija: 200615|| aca||aabn | a|a d
040 ## - FUENTE DE LA CATALOGACIÓN
- Centro catalogador/agencia de origen: OSt
- Centro/agencia transcriptor: OSt
150 ## - ENCABEZAMIENTO--TÉRMINO DE MATERIA
- Término de materia o nombre geográfico como elemento de entrada: SALUD MENTAL
- Subdivisión general: PREVENCIÓN Y CONTROL
670 ## - FUENTE DE DATOS ENCONTRADOS
- Cita de la fuente: Work cat.: (OSt)7000: República Dominicana. Secretaría de Estado de Salud Pública y Asistencia Social. Dirección General de Salud Mental. 20025, Normas nacionales para la atención en salud mental /, 2004.
